| 000 | 01209nab a22002417a 4500 | ||
|---|---|---|---|
| 999 |
_c5396 _d5396 |
||
| 003 | OSt | ||
| 005 | 20250311124235.0 | ||
| 008 | 190604e xxu||||| |||| 00| 0 spa d | ||
| 040 | _cPJ | ||
| 100 |
_96008 _aDíaz Cisneros, Adriano P. |
||
| 245 | 1 | 3 |
_aEl derecho a la reparación efectiva frente a los ilícitos contra la defensa de la competencia / _cAdriano P. Díaz Cisneros. |
| 260 |
_aCiudad Autónoma de Buenos Aires : _bThomson Reuters La Ley, _c2024. |
||
| 300 | _ap. 9-19 | ||
| 500 | _aCita Online: TR LALEY AR/DOC/1903/2024. | ||
| 505 | _aSumario: I. Preliminar.— II. La reparación para terminar con la anomia.— III. Hacia la reparación efectiva.— IV. La reparación a los damnificados indirectos. Criterios de procedencia.— V. Conclusiones. | ||
| 505 | _t¿Te interesa el texto completo? Solicitalo al correo: koha@justierradelfuego.gov.ar | ||
| 650 | 0 |
_92832 _aDEFENSA DE LA COMPETENCIA |
|
| 650 | 0 |
_94077 _aREPARACION INTEGRAL |
|
| 650 | 0 |
_9234 _aDERECHO COMPARADO |
|
| 650 | 0 |
_96424 _aDAÑO PUNITIVO |
|
| 773 | 0 |
_02714 _93171 _dCiudad Autónoma de Buenos Aires : Thomson Reuters La Ley, 2014- _tRevista anales de legislación argentina. Nº 9 - Septiembre 2024. |
|
| 942 |
_2udc _cANA |
||